Historia del espíritu griego: desde Homero hasta Luciano

Saved in:
Bibliografiske detaljer
Hovedforfatter: Nestle, Wilhelm (autor)
Format: Bog
Sprog:spansk
Udgivet: Barcelona Ariel 1961
Serier:Convivium, 1
Fag:
Tags: Tilføj Tag
Ingen Tags, Vær først til at tagge denne postø!

MARC

LEADER 00000nam a2200000 a 4500
001 UCP5276
003 CL-VaPUC
008 990903e19610000SP |||||||||||||||||spa|d
082 0 4 |a 938  |b NES  |2 21 
100 |a Nestle, Wilhelm  |e autor  |9 433578 
245 1 0 |a Historia del espíritu griego: desde Homero hasta Luciano 
300 |a 379 p 
942 |c BK 
945 |d 19990903 00:00:00  |a crobeson 
260 |a Barcelona  |b Ariel  |c 1961 
600 0 |a Homero   |e autor  |9 265577 
600 0 7 |a HESIODO  |2 CL-VaPUC  |9 334567 
600 0 |a HERACLITO  |9 848988 
600 0 |a Pitágoras  |9 433580 
600 0 |a Sófocles  |e autor  |9 269407 
600 0 7 |a EURIPIDES  |2 CL-VaPUC  |9 269419 
600 0 |a Sócrates  |9 266368 
600 0 7 |a PLATON  |2 CL-VaPUC  |9 222 
600 0 |a Aristóteles,  |d 384 a.C.- 322 a.C.  |9 194 
650 0 |a Helenismo  |9 267485 
650 0 |a Civilización griega  |9 265578 
650 0 |a Mitología griega   |9 265313 
650 0 |a Filosofía griega  |9 265579 
650 7 |a LITERATURA GRIEGA  |2 CL-VaPUC  |9 258054 
650 7 |a SOFISTAS  |2 CL-VaPUC  |9 433581 
650 0 |a Tragedia griega  |9 265362 
651 0 |a Grecia  |9 265314 
583 |a last modification  |c 19990903 00:00:00  |k Rodrigo Vera 
490 0 |a Convivium, 1 
999 |c 283044  |d 283042 
952 |0 0  |1 0  |4 0  |6 938_000000000000000_NES_1961  |7 0  |8 A  |9 325790  |a BIBHIS  |b BIBHIS  |d 2019-11-20  |i 1356992  |l 1  |o 938 NES 1961  |p 1356992  |r 2025-01-20  |s 2023-06-29  |w 2019-11-20  |y BK  |k HIS